000 00918nas a2200289 4500
001 BR2012008640
003 BR-BrBNA
005 20231205121629.0
007 ta
008 230509b bl.|||p| |||| 00| 00por d
040 _aBR-BrBNA
_bpor
_cBiblioteca Nacional de Agricultura
041 _a(Pt)
072 _aF30; F01
100 1 _aLessa, L.S.
100 1 _aLedo, C.A. da S.
100 1 _aSilva, S. de O. e
100 1 _aPeixoto, C.P.
245 1 _aAvaliação agronômica em híbridos diplóides (AA)de bananeira
650 _aMUSA SP
650 _aCARACTERÍSTICAS AGRONÔMICAS
650 _aVARIEDADE
650 _aMELHORAMENTO GENÉTICO VEGETAL
773 0 _tCiência e Agrotecnologia (Brazil)
_xISSN 1413-7054
_g(2009), v.33(Ed. Especial) p. 1716-1721
_wBR2012008640
856 4 0 _uhttp://www.scielo.br/pdf/cagro/v33nspe/03.pdf
909 _a202311
_bLúcia
_c55
_dLúcia Elande
942 _2AGRIS
_n0
_cANA
999 _c224465
_d224465